UBT Library

Introduction to the physics and chemistry of materials / (Record no. 44331)

000 -LEADER
fixed length control field 00959cam a2200289 a 4500
001 - CONTROL NUMBER
control field 15495407
005 - DATE AND TIME OF LATEST TRANSACTION
control field 20180307090158.0
008 - FIXED-LENGTH DATA ELEMENTS--GENERAL INFORMATION
fixed length control field 081023s2009 flua b 001 0 eng
010 ## - LIBRARY OF CONGRESS CONTROL NUMBER
LC control number 2008044088
015 ## - NATIONAL BIBLIOGRAPHY NUMBER
National bibliography number GBA8A7816
Source bnb
016 7# - NATIONAL BIBLIOGRAPHIC AGENCY CONTROL NUMBER
Record control number 014749749
Source Uk
020 ## - INTERNATIONAL STANDARD BOOK NUMBER
International Standard Book Number 9781420061338 (alk. paper)
020 ## - INTERNATIONAL STANDARD BOOK NUMBER
International Standard Book Number 142006133X (alk. paper)
035 ## - SYSTEM CONTROL NUMBER
System control number (OCoLC)ocn244056806
035 ## - SYSTEM CONTROL NUMBER
System control number (OCoLC)244056806
040 ## - CATALOGING SOURCE
Original cataloging agency DLC
Transcribing agency DLC
Modifying agency UKM
-- YDXCP
-- BAKER
-- C#P
-- BWX
-- CDX
-- DLC
041 ## - LANGUAGE CODE
Language code of text/sound track or separate title eng
080 ## - UNIVERSAL DECIMAL CLASSIFICATION NUMBER
Universal Decimal Classification number 620.11 rob
082 00 - DEWEY DECIMAL CLASSIFICATION NUMBER
Classification number 620.11 rob
Edition number 22
100 1# - Rafti
Rafti 12
101 ## - Shkurtesa
Shkurtesa kim
245 10 - TITLE STATEMENT
Title Introduction to the physics and chemistry of materials /
Statement of responsibility, etc Robert J. Naumann.
504 ## - BIBLIOGRAPHY, ETC. NOTE
Bibliography, etc Includes bibliographical references and index.
906 ## - LOCAL DATA ELEMENT F, LDF (RLIN)
a 7
b cbc
c orignew
d 1
e ecip
f 20
g y-gencatlg
942 ## - ADDED ENTRY ELEMENTS (KOHA)
Source of classification or shelving scheme
Item type Books
Holdings
Withdrawn status Lost status Source of classification or shelving scheme Damaged status Not for loan Collection code Permanent location Current location Shelving location Date acquired Total Checkouts Full call number Barcode Date last seen Price effective from Koha item type
          Koleksioni i përgjithshem UBT - Lipjan UBT - Lipjan Koleksioni i përgjithshem 03/07/2018   620.11 rob 002-3001024 03/07/2018 03/07/2018 Books
UBT Library © 2015-2024. All rights reserved University Education for Business and Technology